000 00620nam a22001697a 4500
003 MACL
005 20160728125423.0
008 160728b xxu||||| |||| 00| 0 eng d
040 _cMACL
041 _aHindi
082 _a800 AJN
100 _aतिवारी, विश्‍वनाथ प्रसाद
_956537
245 _aअज्ञेय पत्रावली
_cविश्‍वनाथ्‍ा प्रसाद तिवारी
260 _aनई दिल्‍ली
_bसाहित्‍य अकादेमी
_c2014
650 _aरचनावली
_9163
942 _2ddc
_cHIN
999 _c55212
_d55212